Les personnages d'Harry Potter +170 - Statistiques

Statistiques générales
  • Ce quiz a été pris 93 fois
  • Le résultat moyen est 104 sur 172
Statistiques - réponses
Hint Réponse % Correct
5 Albus Dumbledore
100%
127 Albus Severus Potter
100%
1 Harry Potter
100%
3 Hermione Granger
100%
2 Ron Weasley
100%
169 Fred II Weasley
98%
59 Fred Weasley
98%
60 George Weasley
98%
128 James Sirius Potter
98%
10 Sirius Black
97%
167 Molly II Weasley
95%
55 Molly Weasley
95%
7 Rubeus Hagrid
95%
54 Arthur Weasley
94%
11 Ginny Weasley
94%
129 Lily Luna Potter
94%
4 Lord Voldemort
94%
14 Neville Londubat
94%
9 Remus Lupin
94%
16 Drago Malfoy
92%
58 Percy Weasley
92%
12 Bellatrix Lestrange
91%
56 Bill Weasley
91%
57 Charlie Weasley
91%
108 Katie Bell
91%
25 James Potter
89%
26 Lily Potter
89%
48 Cho Chang
88%
42 Hedwige
88%
15 Luna Lovegood
88%
6 Minerva McGonagall
88%
8 Severus Rogue
88%
13 Dobby
86%
17 Dolores Ombrage
86%
138 Fleur Delacour
86%
119 Gregory Goyle
86%
52 Seamus Finnigan
86%
120 Vincent Crabbe
86%
140 Cedric Diggory
84%
103 Dudley Dursley
84%
27 Lucius Malfoy
84%
28 Narcissa Malfoy
83%
24 Peter Pettigrow
83%
104 Petunia Dursley
83%
31 Alastor Maugrey
81%
143 Viktor Krum
81%
53 Dean Thomas
80%
40 Pattenrond
80%
67 Filius Flitwick
78%
105 Vernon Dursley
78%
19 Gilderoy Lockhart
77%
21 Pomona Chourave
77%
69 Igor Karkaroff
75%
51 Lavande Brown
75%
94 Nick Quasi-sans-tête
75%
50 Parvati Patil
75%
144 Xenophilius Lovegood
75%
88 Angelina Johnson
73%
47 Godric Gryffondor
73%
130 Pansy Parkinson
73%
20 Quirinus Quirrell
73%
45 Salazar Serpentard
73%
145 Buck
72%
46 Helga Poufsouffle
72%
33 Nymphadora Tonks
72%
137 Olivier Dubois
72%
44 Rowerna Serdaigle
72%
34 Sybille Trelawney
72%
75 Barty Croupton Sr
70%
41 Kreattur
70%
95 La Grosse Dame
70%
121 Nagini
70%
68 Olympe Maxime
70%
49 Padma Patil
70%
77 Cornelius Fudge
67%
62 Horace Slughorn
67%
35 Renée Bibine
67%
73 Colin Crevey
66%
96 Le Baron Sanglant
66%
106 Marjorie 'Marge' Dursley
66%
23 Poppy Pomfresh
66%
149 Croûtard
64%
65 Firenze
64%
18 Argus Rusard
63%
99 Le Moine Gras
63%
102 Abelforth Dumbledore
61%
91 Alice Londubat
59%
83 Aragog
59%
29 Garrick Ollivander
59%
93 Mimi Geignarde
59%
141 Amos Diggory
58%
114 Blaise Zabini
58%
139 Gabrielle Delacour
58%
72 Kingsley Shackelbolt
58%
111 Ernie MacMillan
56%
160 Fenrir Greyback
55%
107 Hannah Abbot
55%
150 Rita Skeeter
55%
125 Touffu
55%
97 Winky
55%
87 Lee Jordan
53%
81 Rose Weasley-Granger
53%
74 Dennis Crevey
52%
98 La Dame Grise
52%
38 Regulus Black
52%
32 Ted Tonks
52%
115 Alicia Spinnet
50%
89 Augusta Londubat
50%
159 Bathilda Tourdesac
50%
124 Fumseck
50%
79 Mondingus Fletcher
50%
154 Alecto Carrow
48%
153 Amycus Carrow
48%
136 Cormac McLaggen
48%
90 Frank Londubat
48%
82 Hugo Weaskey-Granger
48%
147 Norbert
48%
30 Andromeda Tonks
47%
126 Gripsec
47%
117 Justin Finch-Fletchey
47%
84 Miss Teigne
47%
61 Peeves
47%
131 Susan Bones
47%
80 Gellert Grindewald
45%
109 Marcus Flint
45%
86 Scorpius Malfoy
45%
92 Trevor
45%
85 Arabella Figg
44%
101 Ariana Dumbledore
44%
146 Crockdur
44%
36 Cuthberth Binns
44%
71 Stan Rocade
44%
63 Aurora Sinistra
42%
22 Irma Pince
42%
43 Teddy Lupin
42%
148 Errol
41%
123 Antonin Dolohov
39%
163 Marcus Belby
39%
164 Elphias Doge
38%
172 Victoire Weasley
38%
113 Romilda Vane
36%
168 Louis Weasley
34%
157 Rodolphus Lestrange
34%
37 Phineas Black
33%
66 Charity Burbage
31%
166 Dominique Weasley
31%
165 Lucy Weasley
31%
133 Michael Corner
30%
134 Millicent Bulstrode
30%
110 Anthony Goldstein
28%
100 Nicolas Flamel
28%
170 Roxanne Weasley
28%
112 Theodore Nott
28%
116 Zacharias Smith
28%
78 Mafalda Hopkrik
27%
64 Septima Vector
27%
162 Armando Dippet
25%
122 Gregorovitch
25%
161 Astoria Greengrass
23%
156 Dedalus Diggle
23%
118 Marietta Edgecombe
23%
132 Terry Boot
23%
158 Evan Rosier
19%
152 Reginald Cattermole
19%
70 Hestia Jones
17%
151 Albert Runcorn
14%
171 Audrey Weasley
14%
39 Beedle le Barde
8%
155 Scabior
8%
142 Delphi Digory
6%
135 Terence Hicks
6%
76 Barty Croupton Jr
0%
Aucun quiz correspondant
Distribution des résultats
% des personnes avec chaque résultat
Percentile par nombre de réponses
Votre historique - résultats
Vous n’avez pas pris ce quiz